[Event "36th Zalakaros Festival 2017"]
[Site "Zalakaros"]
[Date "2017.05.24"]
[Round "7"]
[White "Banusz, Tamas"]
[Black "Danin, Alexandre"]
[Result "1-0"]
[WhiteElo "2616"]
[BlackElo "2543"]
[Annotator "TA"]
[PlyCount "77"]
[EventDate "2017.??.??"]
[EventType "swiss"]
[EventCountry "HUN"]
[SourceTitle "playchess.com"]
[Source "ChessBase"]
[SourceQuality "1"]

{[%evp 20,77,37,31,39,41,45,47,45,56,47,54,44,62,74,23,34,30,30,0,54,33,57,35,136,123,122,124,131,131,136,129,129,129,206,203,200,195,178,126,129,130,260,230,252,243,224,130,652,619,722,701,2033,2053,29983,1571,29984,29985,29984,29985]} 1. c4 c5 2. Nf3 Nf6 3. Nc3 d5 4. cxd5 Nxd5 5. d4 Nxc3 6. bxc3 g6 7. e3 Bg7 8. Bb5+ Nd7 {[%cal Bb8d7,Bd7f6,Bf6e8,Be8d6][%mdl 32]} 9. a4 {[%cal Ba2a4,Ba4a5,Ba5a6][%mdl 32]} O-O 10. O-O b6 {A34: Symmetrical English: 2 Nc3, lines with ...d5} 11. a5 {LiveBook: 3 Games} Bb7 12. a6 Be4 {White is slightly better.} 13. Qa4 (13. Ng5 Nf6 14. Nxe4 Nxe4 15. Bb2 Rc8 16. Bd3 Nd6 17. Qe2 c4 18. Bc2 {1-0 (30) Korobov,A (2692)-Volokitin,A (2649) Rivne 2016}) 13... Nf6 14. Ne5 Rc8 $146 ({Predecessor:} 14... Nd5 15. Bb2 e6 16. f3 Nxe3 17. fxe4 Bxe5 18. dxe5 Nxf1 19. Rxf1 {1-0 (39) Comtesse,A (2371)-Pheby,I (2353) ICCF email 2012}) 15. f3 Ba8 16. e4 cxd4 17. cxd4 {With the idea Rd1.} Ne8 $1 18. Be3 Nd6 19. Be2 e6 (19... f5 $11) 20. Rfc1 $36 {[%mdl 2048] White is pushing.} Qe7 21. Qa3 Rfd8 (21... f5 $14) 22. Nc4 $1 $16 {[%cal Rc4d6]} Bf8 23. Nxd6 $1 Qxd6 24. Qxd6 Bxd6 25. Bg5 Rf8 26. Bb5 $1 Kg7 (26... Rxc1+ $16 27. Rxc1 f6) 27. e5 $1 $18 Bb4 28. Bd7 $1 {[%cal Rd7c8]} Rc3 29. Kf2 ({White should play} 29. Rab1 $18 Ba5 30. Kf2) 29... Rb8 30. Rab1 Ba5 (30... Rxc1 $16 31. Rxc1 (31. Bxc1 Be7 $11) 31... Bd5) 31. Rxc3 Bxc3 {[#]} 32. Ke3 $1 Ba5 {[#]} 33. Bf6+ (33. Be7 $1 $18) 33... Kh6 $2 {[%mdl 8192]} (33... Kf8 $16 34. Ra1 Kg8) 34. g4 Bd5 {Black hopes to continue with ...b5.} 35. f4 {[%cal Bf3f4,Bf4g5][%mdl 32]} Bc4 36. Rg1 {Intending Rg3 and mate.} g5 37. fxg5+ Kg6 38. Bc6 {[%cal Rc6e4]} Bd5 39. Bb5 {Precision: White = 88%, Black = 45%.} 1-0

[Event "36th Zalakaros Festival 2017"]
[Site "Zalakaros"]
[Date "2017.05.24"]
[Round "7"]
[White "Erdos, Viktor"]
[Black "Bagi, Mate"]
[Result "1-0"]
[WhiteElo "2614"]
[BlackElo "2455"]
[Annotator "TA"]
[PlyCount "65"]
[EventDate "2017.??.??"]
[EventType "swiss"]
[EventCountry "HUN"]
[SourceTitle "playchess.com"]
[Source "ChessBase"]
[SourceQuality "1"]

{[%evp 9,65,27,27,25,6,14,22,17,42,10,56,63,61,50,69,78,62,28,22,36,72,27,60,27,108,71,74,74,71,64,86,93,189,187,189,184,254,243,235,0,220,219,214,195,200,0,205,204,1036,204,182,187,197,190,204,170,589,567]} 1. Nf3 Nf6 2. c4 c5 3. d4 cxd4 4. Nxd4 e5 5. Nb5 d6 {LiveBook: 15 Games} 6. g3 {A31: Symmetrical English: 2 Nf3 Nf6 3 d4} Be6 7. Bg2 a6 $146 ({Predecessor:} 7... Nc6 8. N1a3 a6 9. Nc3 Be7 10. O-O O-O 11. Nd5 Rc8 12. Be3 Ng4 13. Bb6 Qd7 {1-0 (31) Jumabayev,R (2562)-Kasyan,A (2348) Tashkent 2011}) 8. N5c3 {The position is equal.} Bxc4 9. Bg5 Nbd7 10. Bxf6 Nxf6 11. Bxb7 Be6 12. Bc6+ Bd7 13. Bxd7+ Qxd7 14. Nd5 Rb8 15. Nbc3 Rxb2 16. Qd3 a5 (16... Nxd5 $11 {keeps the balance.} 17. Nxd5 Be7) 17. O-O {And now Rfb1 would win.} Be7 18. Rab1 Rxb1 19. Rxb1 {aiming for Qa6.} Bd8 {[#]} 20. Nxf6+ $1 gxf6 {[#]} (20... Bxf6 $16 21. Rb6 Be7) 21. e4 $1 $18 O-O 22. Nd5 {[%mdl 1024] White has strong compensation.} Kh8 (22... f5 {was necessary.}) 23. Ne3 Qc6 24. Nd5 $2 (24. Nf5 $18) 24... Re8 $2 (24... Qd7 $1 $11 {and Black has nothing to worry.}) 25. Qf3 Qd7 26. Ne3 (26. Nxf6 $6 Bxf6 27. Qxf6+ Kg8 $16) 26... Be7 27. Nd5 Bd8 $1 28. Rb8 ({Resist} 28. Nxf6 $6 Bxf6 29. Qxf6+ Kg8 $16) 28... Be7 $2 (28... Kg7 29. Qh5 Be7) 29. Rb6 $2 (29. Qf5 Qd8 30. Rxd8 Bxd8 31. Qd7) 29... Rc8 30. Kg2 Bd8 31. Rb2 Kg7 32. h4 Rc5 $2 (32... f5) 33. Ne3 {Precision: White = 69%, Black = 45%.} 1-0

[Event "36th Zalakaros Festival 2017"]
[Site "Zalakaros"]
[Date "2017.05.24"]
[Round "7"]
[White "Vajda, Levente"]
[Black "Antal, Gergely"]
[Result "1/2-1/2"]
[WhiteElo "2600"]
[BlackElo "2517"]
[Annotator "TA"]
[PlyCount "74"]
[EventDate "2017.??.??"]
[EventType "swiss"]
[EventCountry "HUN"]
[SourceTitle "playchess.com"]
[Source "ChessBase"]
[SourceQuality "1"]

{[%evp 15,74,-12,-10,-3,0,-36,0,0,0,6,4,0,5,0,30,33,27,22,36,0,0,0,0,0,0,0,0,0,39,39,36,-16,-27,-57,-55,-170,-170,-183,-197,-218,-216,-212,-195,-186,-180,-175,-173,-168,-63,-175,-37,-37,-37,-37,-10,-5,-5,-7,0,-8,0]} 1. Nf3 Nf6 2. g3 c5 3. Bg2 Nc6 4. d3 d5 5. Nbd2 e6 6. O-O Be7 7. c3 O-O 8. a3 {A08: King's Indian Attack} a5 {LiveBook: 3 Games} 9. a4 b6 $146 ({Predecessor:} 9... Qc7 10. Ne1 Rd8 11. Nc2 b6 12. Na3 Na7 13. Re1 Bb7 14. Qb3 Rac8 15. e4 Ba6 {1-0 (74) Plenkovic,Z (2413)-Aleksic,R (2191) Mali Losinj 2016}) 10. Nb1 h6 11. Na3 Bb7 12. Qb3 Rb8 13. Nb5 e5 14. Nd2 Qd7 15. e4 {[%cal Re4d5]} d4 16. Nc4 Ba6 17. Rd1 Ne8 18. f4 Nd6 19. Ncxd6 Bxd6 20. f5 Be7 21. h4 dxc3 22. bxc3 Na7 {[%cal Ra7b5]} 23. Nxa7 (23. Rb1 $14) 23... c4 $11 24. dxc4 Qxa7 25. Ba3 {[#]} (25. Be3 $15) 25... Bxc4 $1 $19 {[%mdl 512]} 26. Qc2 (26. Qxc4 b5+) 26... Bxa3 27. Rxa3 Rfd8 28. Kh2 Rxd1 29. Qxd1 Qe7 30. Ra1 Rd8 31. Qg1 Qc5 ({Black should try} 31... Qd6 $19 32. Rb1 Qa3 33. Rxb6 Qxa4) 32. Rb1 {[#]} (32. Qxc5 $15 bxc5 33. Rb1) 32... Qxg1+ (32... Qa3 $1 $19 {...Rd2 is the strong threat.} 33. Rxb6 Rd2) 33. Kxg1 $15 Rd6 34. Bf1 Bxf1 35. Kxf1 {The position is equal.} Rc6 36. Kf2 Kf8 37. Rb3 Ke7 {Precision: White = 54%, Black = 54%.} 1/2-1/2

[Event "36th Zalakaros Festival 2017"]
[Site "Zalakaros"]
[Date "2017.05.24"]
[Round "7"]
[White "Papp, Gabor"]
[Black "Nisipeanu, Liviu-Dieter"]
[Result "1/2-1/2"]
[WhiteElo "2592"]
[BlackElo "2686"]
[Annotator "TA"]
[PlyCount "38"]
[EventDate "2017.??.??"]
[EventType "swiss"]
[EventCountry "HUN"]
[SourceTitle "playchess.com"]
[Source "ChessBase"]
[SourceQuality "1"]

{[%evp 17,38,-14,-14,-14,-18,-18,-18,-18,-22,-20,8,8,8,8,8,2,8,18,25,-5,35,19,16]} 1. Nf3 d5 2. g3 g6 3. c4 dxc4 4. Na3 Nc6 5. Nxc4 Bg7 6. Bg2 {A09: Réti Opening: 1 Nf3 d5 2 c4} e5 7. d3 e4 (7... Nge7 8. O-O O-O 9. Bd2 Nd5 10. Rc1 h6 11. a3 Be6 12. b4 a6 13. e4 Nb6 14. Na5 Qxd3 15. Nxb7 Bc4 16. Re1 Qxa3 {1-0 (61) Carlsen,M (2853)-Nakamura,H (2787) chess.com INT 2016}) 8. dxe4 Qxd1+ 9. Kxd1 Nf6 {LiveBook: 3 Games} 10. Nfe5 Nxe5 11. Nxe5 Nxe4 $1 12. Bxe4 {[#] Black must now prevent Nd3.} Bxe5 13. Kc2 $146 Bd7 14. Bxb7 Rb8 15. Bd5 c6 16. Bb3 Bf5+ 17. Kd2 O-O 18. Rd1 a5 19. Ke1 Rb4 1/2-1/2

[Event "36th Zalakaros Festival 2017"]
[Site "Zalakaros"]
[Date "2017.05.24"]
[Round "7"]
[White "Stupak, Kirill"]
[Black "Lazarne Vajda, Szidonia"]
[Result "1-0"]
[WhiteElo "2560"]
[BlackElo "2357"]
[Annotator "TA"]
[PlyCount "71"]
[EventDate "2017.??.??"]
[EventType "swiss"]
[EventCountry "HUN"]
[SourceTitle "playchess.com"]
[Source "ChessBase"]
[SourceQuality "1"]

{[%evp 19,71,12,17,25,23,10,30,28,63,50,66,26,25,21,60,65,57,31,39,27,53,18,30,25,33,22,38,0,0,0,0,0,0,0,135,53,51,58,110,109,246,246,229,239,375,375,493,506,485,421,612,604,599,599]} 1. d4 d5 2. Nf3 Nf6 3. g3 g6 4. Bg2 Bg7 5. c4 c6 6. O-O O-O 7. b3 dxc4 8. bxc4 c5 9. Bb2 cxd4 10. Nxd4 Qb6 11. Qb3 {A49: 1 d4 Nf6 2 Nf3 g6 3 g3: Anti-King's Indian systems} (11. Qc1 Bd7 12. Nd2 Nc6 13. e3 Rac8 14. Bc3 Qa6 15. Qb2 b6 16. a4 Na5 17. Rfc1 Nxc4 18. Nxc4 Qxc4 19. Bb4 {0-1 (34) Yu,Y (2729)-Nepomniachtchi,I (2767) Doha 2016}) 11... Na6 12. Qa3 Nd7 $146 (12... Rd8 $5 {[%cal Rd8d4]} 13. Nb3 Qc7 $11) ({Predecessor:} 12... Rd8 13. Nb3 Bf8 14. c5 Qc7 15. N1d2 Bd7 16. Rac1 Bc6 17. Bxc6 Qxc6 18. Nc4 Rd5 {1-0 (30) Bendig,F (2149)-Sikorski,R (1780) LSS email 2013}) 13. e3 {White has an edge.} Ne5 14. Nd2 Qb4 15. Qxb4 Nxb4 16. Rab1 a5 17. a3 $1 {[%cal Ra3b4]} Nbc6 18. Nxc6 (18. f4 {with more complications.} Ng4 19. Bxc6 bxc6 20. Nxc6 Nxe3 21. Nxe7+ Kh8 22. Rfc1) 18... Nxc6 19. Bxg7 Kxg7 20. c5 Rd8 21. Nc4 $36 {[%mdl 2048] Black is under pressure.} Be6 22. Rfc1 Ra7 23. Nb6 Rd3 24. a4 Nb4 25. Bf1 {[#] Black must now prevent Rxb4.} Ra3 26. Rd1 (26. Rb2 {looks sharper.} Nc6 27. Be2 h5 28. Bf3 Nb4 29. Be4) 26... Bb3 (26... Ra2 $11 {remains equal.}) 27. Ra1 (27. Rd7 $16) 27... Rxa1 28. Rxa1 e6 (28... Bc2 $14) 29. Bg2 $16 Nd3 (29... Kf8 $16) 30. Nc8 $18 Ra8 31. Bxb7 Rb8 (31... Rxc8 {was necessary.} 32. Bxc8 Nxc5) 32. c6 Nc5 33. Nd6 {White is clearly winning.} Nxb7 34. cxb7 Bd5 (34... Kf6 $142 35. Rc1 Ke7) 35. Rc1 Bxb7 36. Rb1 {Precision: White = 53%, Black = 36%.} 1-0

[Event "36th Zalakaros Festival 2017"]
[Site "Zalakaros"]
[Date "2017.05.24"]
[Round "7"]
[White "Aczel, Gergely"]
[Black "Meszaros, Tamas"]
[Result "1-0"]
[WhiteElo "2546"]
[BlackElo "2401"]
[Annotator "TA"]
[PlyCount "79"]
[EventDate "2017.??.??"]
[EventType "swiss"]
[EventCountry "HUN"]
[SourceTitle "playchess.com"]
[Source "ChessBase"]
[SourceQuality "1"]

{[%evp 26,79,17,16,9,4,9,4,14,7,13,-14,0,-6,0,-14,-14,-129,0,-2,0,-186,-163,-175,-160,-179,-52,-51,156,156,121,0,203,200,739,663,825,969,994,994,972,969,923,895,770,737,1098,1063,1054,1029,902,911,1241,1222,1190,1163]} 1. d4 Nf6 2. c4 e6 3. Nc3 Bb4 4. e3 c5 5. Nge2 cxd4 6. exd4 O-O 7. a3 Be7 8. Nf4 d6 9. Be2 e5 {E42: Nimzo-Indian: Rubinstein: 4...c5 5 Ne2} 10. Nfd5 Nxd5 11. Nxd5 Nc6 12. dxe5 dxe5 13. Be3 Bg5 14. O-O {LiveBook: 5 Games} Bxe3 15. fxe3 Be6 16. Qb3 b6 17. Rad1 {Black must now prevent Nf6+!} Qg5 $1 {[#]} 18. Qd3 $146 ({Predecessor:} 18. Kh1) 18... Rad8 (18... Rac8 {is more complex.} 19. Bf3 Rfd8 20. b3 Ne7 21. Qe2 Nf5) 19. b4 Rd7 20. Qb3 (20. Qe4 {is interesting.} f5 21. Qf3 Rc8 22. g3 Kh8 23. Nc3) 20... Rfd8 21. Bf3 {[#]} (21. Qc3 $11) 21... f5 (21... b5 $1 $17 {And now ...bxc4 would win.} 22. cxb5 e4 23. Bxe4 Ne5) 22. Qa4 Ne7 23. e4 $2 (23. Nxe7+ $11 {and White has nothing to worry.} Qxe7 24. Bd5) 23... Bxd5 $1 $19 24. exd5 e4 25. Be2 {[%cal Bf3e2,Be2g4,Bg4e6][%mdl 32] [#]} Qe3+ ({Black should try} 25... f4 $1 $19 {Threatens to win with ...Nf5.} 26. Rf2 Nf5) 26. Rf2 $15 f4 $2 (26... g6 $15 {stays ahead.}) 27. Bg4 $36 {[%mdl 2048] White is in control.} Rd6 28. Qxa7 (28. Be6+ $16 Kh8 29. Qc2) 28... Ng6 $2 (28... Nc6 $1 $11 {and Black stays safe.} 29. Qc7 Kh8) 29. Qc7 $18 Ne5 $2 (29... Nf8 30. Kf1 Kh8) 30. Be6+ {White is clearly winning.} Kh8 {Strongly threatening ...f3.} 31. c5 bxc5 32. bxc5 Nd3 33. Rxd3 $1 ({Less strong is} 33. cxd6 Qxf2+ 34. Kh1 Qh4 $16) 33... exd3 34. cxd6 {[%cal Rc7d8,Bc5d6,Bd6d7][%mdl 32]} Rf8 35. Bg4 f3 36. Bxf3 d2 37. Qc2 Qe1+ 38. Rf1 h6 39. d7 Rd8 40. Qe4 {Precision: White = 41%, Black = 28%.} 1-0

[Event "36th Zalakaros Festival 2017"]
[Site "Zalakaros"]
[Date "2017.05.24"]
[Round "7"]
[White "Sanal, Vahap"]
[Black "Ivic, Velimir"]
[Result "1-0"]
[WhiteElo "2533"]
[BlackElo "2345"]
[Annotator "TA"]
[PlyCount "101"]
[EventDate "2017.??.??"]
[EventType "swiss"]
[EventCountry "HUN"]
[SourceTitle "playchess.com"]
[Source "ChessBase"]
[SourceQuality "1"]

{[%evp 12,101,26,24,20,16,9,-52,-52,-50,-21,-39,-44,-40,-39,-52,-46,-49,-37,-25,-32,-31,-30,-26,-29,-39,0,-27,-13,-18,7,-35,46,49,60,35,87,45,75,0,57,47,42,0,54,-19,97,98,100,26,15,0,0,0,110,73,123,0,8,6,148,155,293,302,470,339,541,375,330,270,257,249,262,250,266,256,317,300,525,527,975,981,886,933,921,914,890,866,1077,989,1403,1366]} 1. Nf3 g6 2. e4 c5 3. d4 cxd4 4. Qxd4 Nf6 5. e5 Nc6 6. Qa4 Nd5 7. Qe4 Nb6 {B27: Sicilian: 2 Nf3, unusual Black 2nd moves} 8. Nc3 Bg7 9. Bg5 (9. Bf4 $11) 9... d5 $146 {Black is slightly better.} ({Predecessor:} 9... h6 10. Bh4 d5 11. exd6 Qxd6 12. Nb5 Qc5 13. Nc7+ Kf8 14. Nxa8 Bxb2 15. Nxb6 {1-0 (39) Lagno,K (2523)-Guseinov,G (2634) Berlin 2015}) 10. exd6 $1 Qxd6 (10... Bxc3+ $5 11. bxc3 Qxd6 $11) 11. Bb5 Bf5 12. Qe2 O-O 13. O-O Bg4 14. Rad1 Qc7 15. h3 Bxf3 16. Qxf3 Nd4 17. Qe3 e5 18. Bd3 f6 19. Bh4 {[%cal Bg5h4,Bh4g3,Bg3f2][%mdl 32]} Nc4 20. Qc1 $1 Rad8 21. Kh1 g5 ({Black should play} 21... Nd6 $15) 22. Bg3 $14 f5 23. f3 Ne6 (23... h6 $14) 24. Bf2 a6 25. Rfe1 (25. b3 $16 Nb6 26. Qe3) 25... Nf4 (25... b5 $11) 26. Bf1 Qc6 27. Kg1 b5 (27... Rxd1 $11 28. Bxc4+ Qxc4 29. Qxd1 Qc6) 28. a4 (28. b3 $14 Nd6 29. Ne2) 28... b4 (28... Rxd1 $11 29. Rxd1 e4) 29. Ne2 $16 Ne6 30. Ng3 (30. b3 $16 {Hoping for Rxd8.} Nd6 31. Qe3) 30... Rxd1 $11 31. Rxd1 {b3 is the strong threat.} e4 {Strongly threatening ...e3.} 32. b3 Ne5 (32... Nb2 $1 $11 33. Re1 exf3) 33. fxe4 $16 fxe4 34. Re1 {[#]} (34. Qe3 $16) 34... Rxf2 $1 {[%mdl 512]} 35. Kxf2 Qb6+ {[#]} (35... Qc5+ $1 $11 {keeps the balance.} 36. Qe3 Nd3+ $1 {[%mdl 512]} 37. Bxd3 Bd4) 36. Re3 $1 Nf4 (36... g4 $16) 37. Qd2 $18 (37. Nxe4 Nd5 $16) 37... Nf7 (37... a5 {was worth a try.} 38. Nxe4 g4 39. Bc4+ Nxc4 40. bxc4 Qd4 41. hxg4 Ne6) 38. Nf5 Bf8 (38... Qc5 $142) 39. Qd7 Ne5 40. Bc4+ Nxc4 41. bxc4 b3 42. cxb3 Qf6 {[#] intending ...Qb2+.} 43. Kg1 $1 Qb2 {[%csl Gf4][%cal Rb2g2]} 44. Rg3 Qa1+ $2 (44... Ne2+ {might work better.} 45. Kh2 Nxg3 46. Qe6+ (46. Nxg3 Qe5 $15) (46. Kxg3 Qxb3+ 47. Kg4 Qxc4 $16) 46... Kh8 47. Nxg3 Qd4 48. Nxe4 h6) 45. Kh2 {White is clearly winning.} Ne2 {[%csl Ge2][%cal Ra1g1]} 46. Rxg5+ Kh8 47. Qa7 Qe5+ 48. g3 {White threatens Qf7 and mate.} Qb2 49. Qf2 h6 50. Rg4 Bc5 51. Ne3 {Precision: White = 52%, Black = 31%.} 1-0

[Event "36th Zalakaros Festival 2017"]
[Site "Zalakaros"]
[Date "2017.05.24"]
[Round "7"]
[White "Mihok, Oliver"]
[Black "Saptarshi, Roy"]
[Result "1-0"]
[WhiteElo "2532"]
[BlackElo "2407"]
[Annotator "TA"]
[PlyCount "81"]
[EventDate "2017.??.??"]
[EventType "swiss"]
[EventCountry "HUN"]
[SourceTitle "playchess.com"]
[Source "ChessBase"]
[SourceQuality "1"]

{[%evp 10,81,104,85,110,108,122,131,148,142,143,154,167,168,183,156,193,191,179,173,168,174,200,198,300,302,456,216,212,203,214,186,220,177,171,187,158,152,162,168,142,125,127,126,116,117,116,100,130,106,95,90,90,83,82,85,627,635,629,616,1076,746,940,911,845,510,574,574,568,543,548,522,29989,29990]} 1. d4 d5 2. Nc3 {[%cal Bb1c3,Bc3d5,Bd5f4][%mdl 32]} Nc6 3. e4 e5 4. dxe5 d4 5. Nd5 Be6 (5... Nge7 6. Bc4 Be6 7. Nxe7 Qxe7 8. Bxe6 Qxe6 9. f4 O-O-O 10. Nf3 Bb4+ 11. Bd2 Qc4 12. a3 Bc5 {1-0 (31) Dourerassou,J (2502)-Taddei,B (2367) Saint-Quentin 2014}) 6. Nf4 $1 {LiveBook: 4 Games. B00: Queen's Fianchetto Defence, Nimzowitsch Defence} Qd7 7. Nf3 Bg4 $146 ({Predecessor:} 7... O-O-O 8. Bb5 h6 9. O-O a6 10. Nxe6 Qxe6 11. Ba4 g5 12. Bb3 Qg6 {0-1 (47) Amrein,R (2236)-Schmikli,L (2251) Hungary 2013}) 8. Bb5 {White is better.} Bb4+ 9. Bd2 {Black must now prevent Bxb4.} Bxd2+ 10. Qxd2 {Nxd4 is the strong threat.} ({But not} 10. Kxd2 $6 Nge7 $14) 10... Bxf3 11. gxf3 Nge7 12. O-O-O O-O-O 13. Ba4 Kb8 14. Nd3 Qh3 15. f4 Qf3 16. Rde1 b6 (16... f5 $142) 17. Rhg1 $18 g6 {[#]} (17... f5 $142 18. Rg3 Qh5 19. exf5 Qxf5 20. Rxg7 Rhg8) 18. Rg3 (18. f5 $142 $1 {[%mdl 512]}) 18... Qh5 19. h3 Rhf8 20. Kb1 Qh6 21. Re2 f5 22. exf6 Rxf6 23. Qe1 Qf8 24. Qh1 Na5 25. f5 gxf5 {[#]} 26. e5 $1 {[%cal Re5f6]} Re6 27. Nf4 Rh6 28. e6 c6 29. Nd3 $36 {[%mdl 2048] White is really pushing.} Nd5 30. Ne5 Rxe6 {[#] Threatens to win with ...Qe7.} 31. Nd7+ $1 {[%mdl 512]} Rxd7 32. Rxe6 {[%cal Be2e6,Be6c6,Bc6c3][%mdl 32]} Nc3+ $2 {[%mdl 8192]} (32... Kb7 $16) 33. bxc3 dxc3 34. Bb3 Nc4 35. Rxc3 Na3+ 36. Kb2 Nb5 37. Rexc6 {aiming for Rc8+!} Qa3+ 38. Kb1 {[%csl Gc3][%cal Rc6c8]} Nxc3+ 39. Rxc3 a5 40. Qh2+ Kb7 {[%cal Rd7d1] [#]} 41. Bd5+ $1 {[%mdl 512] Precision: White = 69%, Black = 44%.} 1-0

[Event "36th Zalakaros Festival 2017"]
[Site "Zalakaros"]
[Date "2017.05.24"]
[Round "7"]
[White "Mikhalevski, Victor"]
[Black "Zubov, Alexander"]
[Result "1/2-1/2"]
[WhiteElo "2520"]
[BlackElo "2604"]
[Annotator "TA"]
[PlyCount "150"]
[EventDate "2017.??.??"]
[EventType "swiss"]
[EventCountry "HUN"]
[SourceTitle "playchess.com"]
[Source "ChessBase"]
[SourceQuality "1"]

{[%evp 9,150,16,35,38,28,45,60,29,50,0,0,0,0,0,2,2,2,1,8,-36,-34,-57,-52,-60,-53,-62,-50,-83,-82,-95,-98,-95,-96,-95,-97,-99,-91,-95,-69,-93,-105,-85,-19,-19,-19,-27,-20,-19,-22,-39,-39,-41,-17,-28,-26,-23,-10,-10,-10,-12,-10,-71,-71,-71,-71,-71,-71,-63,-69,-193,-193,-187,-189,-189,-187,-153,-156,-200,-155,-174,-94,-106,-132,-125,-94,-94,-94,-94,-56,-135,-135,-135,-106,-107,-107,-135,-135,-134,-8,-8,0,-134,-34,-34,-34,-34,0,0,0,-34,-34,-34,-34,-34,-34,-34,-34,-34,-34,-34,-34,-130,-122,-137,-137,-137,-137,-137,-34,-137,-137,-137,-137,-137,-137,-137,-34,-34,-34,-34,0,0,0]} 1. d4 Nf6 2. c4 e6 3. Nf3 b6 4. g3 Bb7 5. Bg2 g6 6. Nc3 {E16: Queen's Indian: 4 g3 Bb7 5 Bg2 Bb4+} Ne4 7. d5 Bb4 8. Qd4 $146 {White is slightly better.} ({Predecessor:} 8. O-O Nxc3 9. bxc3 Bxc3 10. Bh6 d6 11. Ng5 e5 12. Ne4 Bxa1 13. Qa4+ c6 {1-0 (39) Babula,V (2571)-Burg,T (2490) Bremen 2013}) 8... Qf6 9. Ne5 ({But not} 9. Qxe4 Bxc3+ 10. Nd2 Bxb2 $11) 9... Nxc3 10. bxc3 Bc5 11. Qf4 Qxf4 12. Bxf4 {Strongly threatening Nxf7.} f6 $132 {[%mdl 2048] Black puts up resistance} 13. Nd3 Be7 14. O-O e5 15. Bh6 d6 $1 16. f4 Bf8 $1 {[%cal Rf8h6]} 17. Bxf8 Rxf8 18. g4 Nd7 19. g5 exf4 20. Nxf4 fxg5 21. Ne6 Rxf1+ 22. Rxf1 Ke7 23. Nxg5 {aiming for Rf7+.} Ne5 24. Nxh7 Rh8 ({Don't play} 24... Nxc4 25. Rf6 $11) 25. Ng5 Ba6 (25... Rh4 $1 $17 26. Ne6 Rxc4) 26. Rf4 $1 $11 Bxc4 {[#]} 27. Nf7 $1 {[%mdl 512]} Nxf7 28. Rxc4 {[%mdl 4096] Endgame KRB-KRN} Kd8 29. Rf4 Ne5 30. h4 Ke7 31. Be4 Rh5 32. Kf2 g5 33. hxg5 Rxg5 34. Bf5 Rh5 35. Be4 (35. Ke3 $11) 35... Rh3 $17 36. Bf3 Nxf3 37. Rxf3 {KR-KR} Rh4 38. Re3+ Kd7 39. Re6 (39. Rd3 $1 $15) 39... Rc4 $19 40. Re3 Ra4 41. Rh3 Rxa2 42. Ke3 Kc8 43. Kd3 Kb7 44. e4 b5 (44... a5 $19 45. Rh1 b5) 45. Rh5 Ra1 46. Kd2 Rg1 47. e5 dxe5 48. Rxe5 Rg6 49. Kc2 (49. c4 $15) 49... Kb6 $17 50. c4 ({Avoid the trap} 50. Re6+ $2 Rxe6 51. dxe6 Kc6 $19) 50... Rg2+ 51. Kb3 Rg3+ 52. Kb2 bxc4 53. Re6+ {[#]} Kb5 (53... Kb7 $1 $17 {Black wants to play ...Rb3+.} 54. d6 c5) 54. Re7 $11 Kb6 ({Black should play} 54... Rd3 $11) 55. Re6+ $1 $17 {[#]} Kc5 (55... Kb7 $1 $17 56. Re4 Rd3 57. Rxc4 Rxd5) 56. Rc6+ $15 Kxd5 57. Rxc7 Rg2+ 58. Kc3 Rg3+ 59. Kc2 a5 {Hoping for ...a4.} 60. Ra7 Kc5 61. Rxa5+ Kb4 62. Ra8 Rg2+ 63. Kb1 Kb3 {[%cal Rg2g1]} 64. Rb8+ Kc3 65. Rc8 ({White should try} 65. Rb5 $15) 65... Rg4 66. Rc7 Rg8 67. Rc6 Rg1+ 68. Ka2 Kd3 (68... Rh1 $17 {White must now prevent ...Rh7.} 69. Rc8 Rh6) 69. Kb2 (69. Rh6 $1 $15) 69... Rg2+ $17 70. Kc1 Kc3 {[%cal Rg2g1]} 71. Kb1 Rb2+ 72. Kc1 Rb5 ({Better is} 72... Rf2 $17 {[%cal Rf2f1]} 73. Kb1 Rg2) 73. Rh6 $15 Kb3 74. Rh3+ c3 75. Rh8 Rb4 {Precision: White = 62%, Black = 54%.} 1/2-1/2

[Event "36th Zalakaros Festival 2017"]
[Site "Zalakaros"]
[Date "2017.05.24"]
[Round "7"]
[White "Van Foreest, Lucas"]
[Black "Kreisl, Robert"]
[Result "1-0"]
[WhiteElo "2489"]
[BlackElo "2448"]
[Annotator "TA"]
[PlyCount "71"]
[EventDate "2017.??.??"]
[EventType "swiss"]
[EventCountry "HUN"]
[SourceTitle "playchess.com"]
[Source "ChessBase"]
[SourceQuality "1"]

{[%evp 9,71,18,23,26,44,10,10,17,25,14,28,38,84,43,79,61,56,43,72,89,108,91,100,133,167,143,153,164,152,135,389,359,395,445,434,417,445,445,641,610,574,518,975,949,29973,3013,1925,1168,29987,1163,1088,916,912,911,882,872,849,841,29985,29986,29987,5389,5285,5285]} 1. e4 g6 2. d4 Bg7 3. c4 e6 4. Nc3 Ne7 5. Nf3 d5 6. e5 {A40: Unusual replies to 1 d4} Nbc6 7. Bg5 $146 ({Predecessor:} 7. Bf4 b6 8. cxd5 Nxd5 9. Bb5 Bd7 10. Nxd5 exd5 11. e6 fxe6 12. Rc1 {0-1 (99) Sakaev,K (2594)-Hasangatin,R (2505) Sochi 2016}) 7... h6 8. Bf4 {The position is equal.} dxc4 9. Bxc4 g5 10. Be3 Nf5 11. h3 a6 12. O-O (12. g4 $5 {[%cal Rg4f5]} Nxe3 13. fxe3 $14) 12... b6 13. Bd3 Nce7 14. Be4 Nd5 15. Qc2 {[#] Threatens to win with Nxd5.} Nfe7 16. Nxd5 exd5 17. Bd3 Be6 18. Rac1 c6 19. Nh2 f6 $2 {[%mdl 8192]} (19... c5 $16 {is a better defense.}) 20. f4 gxf4 21. exf6 Bxf6 22. Bxf4 Bxd4+ 23. Kh1 Bg7 (23... Qd7 $142 24. Qe2 Kd8) 24. Rce1 Qd7 {intending ...0-0.} 25. Qe2 Bf7 (25... b5 $142 26. Qxe6 Qxe6) 26. Ng4 Bh5 {[#]} 27. Bf5 $1 {[%mdl 512]} Qb7 (27... Qxf5 28. Qxe7#) 28. Bd6 {[%cal Re2e7]} Ra7 29. Bxe7 (29. Qe6 $142 Bf7 30. Nf6+ Bxf6 31. Qxf6 Rh7 32. Bxh7 Kd8 33. Bxe7+ Qxe7 34. Rxe7) 29... Qxe7 $18 30. Qd2 Bxg4 31. Rxe7+ Rxe7 32. Bxg4 {Intending Qc2 and mate.} Rf8 33. Rc1 Be5 34. Qxh6 Rf6 35. Qh5+ (35. Qh8+ $142 Kf7 36. Bh5+ Ke6 37. Qc8+ Rd7 38. Bg4+ Kf7 39. Qxd7+ Kf8 40. Re1) 35... Kd8 36. Re1 {Precision: White = 73%, Black = 26%.} 1-0